| 000 | 01088cam a2200349 a 4500 | ||
|---|---|---|---|
| 001 | 4961861 | ||
| 003 | OSt | ||
| 005 | 20140310184237.0 | ||
| 008 | 970501s1998 nyu c 000 1 eng | ||
| 010 | _a 97014742 | ||
| 020 | _a0590898000 | ||
| 040 |
_aDLC _cDLC _dDLC |
||
| 042 | _alcac | ||
| 050 | 0 | 0 |
_aPZ 7 _b.W82129Bat 1999 |
| 100 | 1 |
_aWolff, Virginia Euwer. _918673 |
|
| 245 | 1 | 0 |
_aBat 6 / _cVirginia Euwer Wolff. |
| 246 | 3 | _aBat six | |
| 260 |
_aNew York : _bScholastic Press, _c1999. |
||
| 300 |
_a229 p. : _c22 cm. |
||
| 521 | _aG8 | ||
| 526 | _c930 | ||
| 650 | 1 |
_aSoftball _xFiction. _924361 |
|
| 650 | 1 |
_aCity and town life _xFiction. _924362 |
|
| 650 | 1 |
_aWorld War, 1939-1945 _zUnited States _xFiction. _924363 |
|
| 906 |
_a7 _bcbc _corignew _d1 _eocip _f19 _gy-gencatlg |
||
| 942 |
_2lcc _cBK-SCHOLAS |
||
| 999 |
_c33211 _d33211 |
||